| 000 | 00601nam a22001217a 4500 | ||
|---|---|---|---|
| 040 | _cRUA | ||
| 082 | _aVEM VA 2025 B705 Or.1 | ||
| 100 | _aVA SOVANREACH, វ៉ា សុវណ្ណរាជ | ||
| 245 | _aCattle Gastro-Intestinal Parasite At Sresongkom Commune, Kohnheak District, Mondulkiri Province, បរាសិតក្នុងក្រពះពោះវៀនគោ នៅឃុំស្រែសង្គម ស្រុកកោះញែក ខេត្តមណ្ឌលគិរី | ||
| 260 |
_aPHNOM PENH _bRUA _c2025 |
||
| 300 |
_aix,32p. _bill. _c29cm. |
||
| 942 | _cសារណាបទ | ||
| 999 |
_c25537 _d25537 |
||